Normal view
MARC view
- Ahmed, Ali
Entry Personal Name
001 - CONTROL NUMBER
- control field: 34806
003 - CONTROL NUMBER IDENTIFIER
- control field: NUST
005 - DATE AND TIME OF LATEST TRANSACTION
- control field: 20201102130738.0
008 - FIXED-LENGTH DATA ELEMENTS
- fixed length control field: 201102|| aca||aabn | a|a d
040 ## - CATALOGING SOURCE
- Original cataloging agency: NUST
- Transcribing agency: NUST
100 ## - HEADING--PERSONAL NAME
- Personal name: Ahmed, Ali
670 ## - SOURCE DATA FOUND
- Source citation: Work cat.: (NUST): Ahmed, Ali , High Performance GaN Based Switch Mode Class F and F-1 Power Amplifier /, 2012.
